000 00891nam a2200289 a 4500
001 913
003 BR-CuiBMT
005 20231212155738.0
008 231122s2015 baba 000 0 por d
020 _a8544203078
040 _aBR-CuiBMT
_cBR-CuiBMT
080 _a342.7
_22007
090 _a342.7
_bD476d
100 1 _aDestefenni, Marcos
245 1 0 _aDireitos individuais em espécie /
_cMarcos Destefenni.
260 _aSalvador :
_bJusPODIVM,
_c2015.
300 _a210 p. :
_bil. color. ;
_c21 cm
490 1 _aColeção sinopses para concursos ;
_vv. 32
500 _aInclui Tutela coletiva ; Processo coletivo; Ação civil pública.
650 _aDireitos fundamentais
_zBrasil
650 _aAção civil pública
650 _aDireitos difusos
650 _aDireitos individuais
650 _aDireitos coletivos
830 0 _aSinopses para concursos ;
_v32
942 _2udc
_cLV
999 _c913
_d913